|
|
|
|
| LEADER |
00000nam a22000007a 4500 |
| 005 |
2018123009559.0 |
| 007 |
cr|||| |||| |
| 008 |
181230s2018 br |||||s|||| 00||0 por d |
| 020 |
|
|
|a 978-85-361-9706-7
|
| 035 |
|
|
|a 22665
|
| 040 |
|
|
|a vLex
|
| 090 |
|
|
|c 8417
|d 8417
|
| 100 |
1 |
|
|a Trindade de Souza, Rodrigo
|
| 245 |
1 |
0 |
|a CLT comentada pelos juz̕es do trabalho da 4® regiô
|h [Recurso electrn̤ico] /
|c Rodrigo Trindade de Souza
|
| 250 |
|
|
|a 3ra. edicin̤
|
| 256 |
|
|
|a Servicio en ln̕ea
|
| 260 |
|
|
|a San Pablo:
|b LTR,
|c 2018
|
| 300 |
|
|
|a 1 recurso electrn̤ico
|
| 506 |
1 |
|
|a Disponible solo en los productos indicados
|d vLex Global
|d vLex Global (Academic Edition, excluding Law Schools)
|d vLex Global (U.S. Academic Edition, Law Schools)
|d vLex Global (U.S. Academic Edition, excluding Law Schools)
|d vLex Global (Academic Edition, Law Schools)
|
| 650 |
0 |
4 |
|a Derecho Mercantil y de la Empresa
|z Brasil
|
| 740 |
0 |
|
|a vLex Libros (Servicio en ln̕ea)
|
| 856 |
4 |
0 |
|u http://vlex.com/source/clt-comentada-juizes-trabalho-4-regi-o-3-edi-o-22665
|z Acceso restringido
|
| 942 |
|
|
|c BOOK
|
| 999 |
0 |
|
|a Commercial and Company Law
|